Statistics for Pokemon Multiple Choice - Psychic type

Click here to take the quiz!

General Stats

  • This quiz has been taken 13 times
  • The average score is 7 of 10

Answer Stats

QuestionAnswer% Correct
The heaviestBronzong
100%
The lightestEspurr
100%
Can mega evolveGallade
100%
Has a gigantamax formOrbeetle
90%
The shortestEspurr
80%
The tallestGallade
60%
Learns the move Rain Dance via level upBronzong
50%
The 'restraint' PokemonEspurr
50%
Can have the ability SoundproofMr. Mime
50%
The highest special attackMr. Mime
40%

Score Distribution

Percentile by Number Answered

Percent of People with Each Score

Your Score History

You have not taken this quiz